000 00686nam a2200253Ia 4500
003 OSt
005 20221007071354.0
006 a|||||r|||| 00| 0
007 ta
008 221006b |||||||| |||| 00| 0 eng d
024 _a15,335
037 _cTextual
040 _aFLL
_cFLL
_beng
041 _2eng
_aeng
082 _aX411:Z3, J2
100 _aParrish Harold Au.
_9688617
245 0 _aLaw of highways
250 _a19th
260 _aLondon
_bButterworths London
_c1952
300 _acx,1020p
_ccm.
700 _a Freeman Patrick Au.
_9688618
942 _hX411:Z3, J2
_cTEXL
_2CC
999 _c1143171
_d1143171